<?xml version="1.0" encoding="UTF-8"?>
<record
    xmlns:xsi="http://www.w3.org/2001/XMLSchema-instance"
    xsi:schemaLocation="http://www.loc.gov/MARC21/slim http://www.loc.gov/standards/marcxml/schema/MARC21slim.xsd"
    xmlns="http://www.loc.gov/MARC21/slim">

  <leader>00698nam a22001577a 4500</leader>
  <controlfield tag="003">OSt</controlfield>
  <controlfield tag="005">20240410111257.0</controlfield>
  <controlfield tag="008">240410b        |||||||| |||| 00| 0 eng d</controlfield>
  <datafield tag="040" ind1=" " ind2=" ">
    <subfield code="c">Central Library MRSPTU</subfield>
  </datafield>
  <datafield tag="100" ind1=" " ind2=" ">
    <subfield code="a">Charnjeet Kaur (&#xA1A;&#xA30;&#xA28;&#xA1C;&#xA40;&#xA24; &#xA15;&#xA4B;&#xA30;)</subfield>
  </datafield>
  <datafield tag="245" ind1=" " ind2=" ">
    <subfield code="a">Aurat : Dasha ate Disha (&#xA14;&#xA30;&#xA24; : &#xA26;&#xA38;&#xA3C;&#xA3E; &#xA05;&#xA24;&#xA47; &#xA26;&#xA3F;&#xA38;&#xA3C;&#xA3E;</subfield>
    <subfield code="b">An Analysis based on the work of Tarksheel Society Punjab (&#xA24;&#xA30;&#xA15;&#xA38;&#xA3C;&#xA40;&#xA32; &#xA38;&#xA41;&#xA38;&#xA3E;&#xA07;&#xA1F;&#xA40; &#xA2A;&#xA70;&#xA1C;&#xA3E;&#xA2C; &#xA35;&#xA71;&#xA32;&#xA4B;&#xA02; &#xA39;&#xA71;&#xA32; &#xA15;&#xA40;&#xA24;&#xA47; &#xA15;&#xA47;&#xA38;&#xA3E;&#xA02; &#xA24;&#xA47; &#xA06;&#xA27;&#xA3E;&#xA30;&#xA3F;&#xA24; &#xA35;&#xA3F;&#xA38;&#xA3C;&#xA32;&#xA47;&#xA38;&#xA3C;&#xA23;)</subfield>
  </datafield>
  <datafield tag="250" ind1=" " ind2=" ">
    <subfield code="a">1st</subfield>
  </datafield>
  <datafield tag="260" ind1=" " ind2=" ">
    <subfield code="a">Faridkot</subfield>
    <subfield code="b">District Sakhrta Samti </subfield>
    <subfield code="c">1997</subfield>
  </datafield>
  <datafield tag="300" ind1=" " ind2=" ">
    <subfield code="a">98</subfield>
  </datafield>
  <datafield tag="942" ind1=" " ind2=" ">
    <subfield code="2">ddc</subfield>
    <subfield code="c">BK</subfield>
    <subfield code="n">0</subfield>
  </datafield>
  <datafield tag="952" ind1=" " ind2=" ">
    <subfield code="0">0</subfield>
    <subfield code="1">0</subfield>
    <subfield code="2">ddc</subfield>
    <subfield code="4">0</subfield>
    <subfield code="7">0</subfield>
    <subfield code="8">BK</subfield>
    <subfield code="a">MCL</subfield>
    <subfield code="b">MCL</subfield>
    <subfield code="d">2024-04-10</subfield>
    <subfield code="l">0</subfield>
    <subfield code="p">G-181</subfield>
    <subfield code="r">2024-04-10 11:13:08</subfield>
    <subfield code="w">2024-04-10</subfield>
    <subfield code="y">BK</subfield>
  </datafield>
  <datafield tag="999" ind1=" " ind2=" ">
    <subfield code="c">10013</subfield>
    <subfield code="d">10013</subfield>
  </datafield>
</record>
